<?xml version="1.0" encoding="UTF-8"?>
<collection xmlns="http://www.loc.gov/MARC21/slim">
 <record>
  <leader>02256nab a2200265 i 4500</leader>
  <controlfield tag="001">acta80687</controlfield>
  <controlfield tag="005">20230826105908.0</controlfield>
  <controlfield tag="008">230825s1976    hu      o     0||   hun d</controlfield>
  <datafield tag="040" ind1=" " ind2=" ">
   <subfield code="a">SZTE Egyetemi Kiadványok Repozitórium</subfield>
   <subfield code="b">hun</subfield>
  </datafield>
  <datafield tag="041" ind1=" " ind2=" ">
   <subfield code="a">hun</subfield>
  </datafield>
  <datafield tag="041" ind1=" " ind2=" ">
   <subfield code="a">eng</subfield>
  </datafield>
  <datafield tag="041" ind1=" " ind2=" ">
   <subfield code="a">ger</subfield>
  </datafield>
  <datafield tag="041" ind1=" " ind2=" ">
   <subfield code="a">rus</subfield>
  </datafield>
  <datafield tag="100" ind1="1" ind2=" ">
   <subfield code="a">Molnár Pál</subfield>
  </datafield>
  <datafield tag="245" ind1="1" ind2="0">
   <subfield code="a">Húsipari termékek zsírtartalmának meghatározása különböző módszerekkel</subfield>
   <subfield code="h">[elektronikus dokumentum] /</subfield>
   <subfield code="c"> Molnár Pál</subfield>
  </datafield>
  <datafield tag="260" ind1=" " ind2=" ">
   <subfield code="a">Lapkiadó Vállalat</subfield>
   <subfield code="b">Budapest</subfield>
   <subfield code="c">1976</subfield>
  </datafield>
  <datafield tag="300" ind1=" " ind2=" ">
   <subfield code="a">267-273</subfield>
  </datafield>
  <datafield tag="490" ind1="0" ind2=" ">
   <subfield code="a">Élelmiszervizsgálati közlemények</subfield>
   <subfield code="v">22 No. 5-6</subfield>
  </datafield>
  <datafield tag="520" ind1="3" ind2=" ">
   <subfield code="a">Verschiedene, zur Bestimmung des Fettgehaltes von Produkten der Fleischindustrie dienende Methoden (Extraktion nach Soxhlet, Messung m it Butyrometer, Refraktometrie durch Messung des Brechungsindexes) wurden miteinander verglichen. Die theoretischen Grundlagen der refraktometrischen Methode und die Durchfürung dieser Methode sind ausführlich beschrieben, und die mathematische-statische Auswertung der Messergebnisse ist dargestellt. Es wird auf Grund der Ergebnisse festgestellt, dass die refraktometrische Methode zur Bestimmung des Fettgehaltes geeignet ist, zur entscheidenden Untersuchungen aber as Soxhletsche Verfahren herangezogen werden muss. Various methods for the determination of the fat content of products of the meat industry (extraction according to Soxhlet, measurement by butyrometer, refractometry based on the measurement of the refractive index) were compared with each other. Fundamental principles, procedures and the mathematicalstatistical evaluation of the measured data are described in detail. It was found on the basis of these results that the refractometric method is suitable for the determination of the fat content. However, for decisive determinations the Soxhlet method must be applied.</subfield>
  </datafield>
  <datafield tag="650" ind1=" " ind2="4">
   <subfield code="a">Műszaki és technológiai tudományok</subfield>
  </datafield>
  <datafield tag="650" ind1=" " ind2="4">
   <subfield code="a">Egyéb műszaki tudományok és technológiák</subfield>
  </datafield>
  <datafield tag="650" ind1=" " ind2="4">
   <subfield code="a">Élelmiszer és italfélék</subfield>
  </datafield>
  <datafield tag="695" ind1=" " ind2=" ">
   <subfield code="a">Élelmiszervizsgálat - analitikai kémia - módszer, Élelmiszerkémia - módszer</subfield>
  </datafield>
  <datafield tag="700" ind1="0" ind2="1">
   <subfield code="a">Nové László</subfield>
   <subfield code="e">aut</subfield>
  </datafield>
  <datafield tag="856" ind1="4" ind2="0">
   <subfield code="u">http://acta.bibl.u-szeged.hu/80687/1/elelmiszervizsgalati_kozlemenyek_1976_05-06_267-273.pdf</subfield>
   <subfield code="z">Dokumentum-elérés </subfield>
  </datafield>
 </record>
</collection>
